[Event "CHI-ch"]
[Site "Las Condes"]
[Date "2022.02.21"]
[Round "5"]
[White "Salinas Herrera, Pablo Patricio"]
[Black "Bahamondes Ortiz, Benjamin"]
[Result "1-0"]
[WhiteElo "2517"]
[BlackElo "2164"]
[PlyCount "85"]
[EventDate "2022.02.18"]
[EventType "tourn"]
[EventRounds "11"]
[EventCountry "CHI"]
[SourceTitle "CBM 207 Extra"]
[Source "ChessBase"]
[SourceDate "2022.05.31"]
[SourceVersion "1"]
[SourceVersionDate "2022.05.31"]
[SourceQuality "1"]

1. e4 c5 2. Nf3 d6 3. Bb5+ Bd7 4. Bxd7+ Qxd7 5. 0-0 Nc6 6. c3 Nf6 7. Qe2 e6 8. d4 cxd4 9. cxd4 d5 10. e5 Ne4 11. Nbd2 Nxd2 12. Bxd2 Be7 13. g3 0-0 14. Kg2 Rfc8 15. h4 Rc7 16. Rh1 Bf8 17. Qd3 f5 18. h5 Be7 19. Rag1 Rf8 20. a3 a6 21. Rh3 Rcc8 22. Ne1 Qd8 23. Kh1 Qb6 24. Bc3 Rf7 25. g4 f4 26. Qd2 Rcf8 27. Nf3 Qd8 28. Kg2 b5 29. Rc1 Qb6 30. Bb4 Nxb4 31. axb4 Ra8 32. Rhh1 Rff8 33. Rc2 Rac8 34. Rhc1 Rc4 35. b3 Bxb4 36. Qd3 Rxc2 37. Ng5 Rf5 38. gxf5 Rxc1 39. f6 g6 40. hxg6 h6 41. g7 hxg5 42. Qg6 f3+ 43. Kh2 1-0

[Event "Valdivia op 2nd"]
[Site "Valdivia"]
[Date "2021.09.17"]
[Round "2"]
[White "Amigo Quintana, Antu"]
[Black "Bahamondes Ortiz, Benjamin"]
[Result "0-1"]
[WhiteElo "1779"]
[BlackElo "2109"]
[PlyCount "118"]
[EventDate "2021.09.16"]
[EventType "swiss"]
[EventRounds "6"]
[EventCountry "CHI"]
[SourceTitle "CBM 204 Extra"]
[Source "ChessBase"]
[SourceDate "2021.11.30"]
[SourceVersion "1"]
[SourceVersionDate "2021.11.30"]
[SourceQuality "1"]

1. d4 Nf6 2. c4 e6 3. Nc3 d5 4. cxd5 exd5 5. Bg5 c6 6. e3 Be7 7. Bd3 Nbd7 8. Qc2 Nh5 9. Bxe7 Qxe7 10. Nge2 Nb6 11. 0-0 g6 12. Rfe1 0-0 13. Rad1 Be6 14. f3 Qg5 15. Nc1 Rfe8 16. Qf2 Rad8 17. Bf1 Bc8 18. Nd3 Ng7 19. e4 Qf6 20. e5 Qe7 21. g3 Qc7 22. Bg2 Bf5 23. Nc5 Nd7 24. g4 Be6 25. Nd3 Rf8 26. Re2 a6 27. h3 Rde8 28. Rde1 h5 29. Nf4 Qd8 30. Qg3 Qg5 31. Qh2 hxg4 32. fxg4 Nb6 33. Nd3 Bc8 34. Qf4 Qxf4 35. Nxf4 g5 36. Nh5 Nxh5 37. gxh5 Kg7 38. Re3 Nc4 39. Rg3 Kh6 40. b3 Nd6 41. Ne2 Nf5 42. Rf3 Kxh5 43. Ref1 Kg6 44. Kh2 Be6 45. Rd3 Rh8 46. Ng3 Rh4 47. Nxf5 Bxf5 48. Rdf3 Be6 49. Rf6+ Kg7 50. Rd1 Reh8 51. Kg1 Bxh3 52. Rd2 Rg4 53. Rff2 Bxg2 54. Rxg2 Rxg2+ 55. Kxg2 Kg6 56. Kg3 Rh4 57. Rd3 Kf5 58. Rf3+ Rf4 59. Rd3 Ke4 0-1

[Event "CHI-ch sf Santiago"]
[Site "Santiago de Chile"]
[Date "2016.12.10"]
[Round "4.5"]
[White "Bahamondes Ortiz, Benjamin"]
[Black "Escudero Donoso, Felipe"]
[Result "1/2-1/2"]
[WhiteElo "2094"]
[BlackElo "2184"]
[PlyCount "118"]
[EventDate "2016.12.08"]
[EventType "swiss"]
[EventRounds "8"]
[EventCountry "CHI"]
[SourceTitle "EXT 2024"]
[Source "ChessBase"]
[SourceDate "2023.10.10"]
[SourceVersion "1"]
[SourceVersionDate "2023.10.10"]
[SourceQuality "1"]

1. d4 Nf6 2. c4 e6 3. Nc3 d5 4. Nf3 c6 5. e3 Nbd7 6. Qc2 Bd6 7. Bd3 b6 8. 0-0 Bb7 9. e4 dxe4 10. Nxe4 Nxe4 11. Bxe4 Nf6 12. Bg5 h6 13. Bxf6 Qxf6 14. Qa4 0-0 15. Bxc6 Bxc6 16. Qxc6 Rfd8 17. Qe4 Rac8 18. Rac1 Rc7 19. Qe2 Rdc8 20. Rfd1 Qf4 21. g3 Qf6 22. Nd2 Qxd4 23. Ne4 Qe5 24. Rxd6 f5 25. f4 Qxe4 26. Qxe4 fxe4 27. b3 b5 28. Rd4 e3 29. Kf1 bxc4 30. Rdxc4 Rxc4 31. Rxc4 Rd8 32. Rc2 e5 33. fxe5 Rd5 34. e6 Re5 35. Rc8+ Kh7 36. Rc6 Kg6 37. e7+ Kf7 38. Rc7 a5 39. Ke2 Ke8 40. Rc3 Rh5 41. h4 Kxe7 42. Rc7+ Kf6 43. Kxe3 Rb5 44. Rc6+ Kf5 45. Kf3 h5 46. Rc4 g6 47. Ke3 Rd5 48. a3 g5 49. hxg5 Kxg5 50. b4 axb4 51. axb4 Rd1 52. Kf3 Rd3+ 53. Kg2 Rd1 54. Kf2 Rd3 55. Re4 Rb3 56. Kg2 Rb1 57. Rc4 Rd1 58. Rc8 Rb1 59. Rc4 Rd1 1/2-1/2

[Event "Santiago 2000+ op 1ER"]
[Site "Santiago de Chile"]
[Date "2016.10.29"]
[Round "4.1"]
[White "Olivares Olivares, Claudio"]
[Black "Bahamondes Ortiz, Benjamin"]
[Result "1-0"]
[WhiteElo "2235"]
[BlackElo "2068"]
[PlyCount "85"]
[EventDate "2016.10.29"]
[EventType "swiss"]
[EventRounds "5"]
[EventCountry "CHI"]
[SourceTitle "EXT 2024"]
[Source "ChessBase"]
[SourceDate "2023.10.10"]
[SourceVersion "1"]
[SourceVersionDate "2023.10.10"]
[SourceQuality "1"]

1. e4 c5 2. Nf3 d6 3. d4 cxd4 4. Nxd4 Nf6 5. Nc3 a6 6. h3 e6 7. g4 d5 8. exd5 Nxd5 9. Nde2 Bb4 10. Bd2 Nxc3 11. Bxc3 Bxc3+ 12. Nxc3 Qb6 13. Qc1 Bd7 14. Bd3 Bc6 15. Rg1 Nd7 16. Rg3 Ne5 17. Be2 Ng6 18. Nd1 Qb4+ 19. c3 Qf4 20. Qxf4 Nxf4 21. Ne3 0-0-0 22. Rd1 Rxd1+ 23. Kxd1 Rd8+ 24. Ke1 Kc7 25. g5 b5 26. Ng4 Rd5 27. Ne3 Re5 28. Kd2 Nd5 29. h4 Re4 30. Rg4 Rxg4 31. Nxg4 Kd6 32. Bd3 g6 33. Be4 Ne7 34. Bd3 Ng8 35. f4 Ke7 36. Ke3 Kd6 37. a4 Kc5 38. b4+ Kd6 39. axb5 axb5 40. Kd4 Ne7 41. Ne5 Nd5 42. Be4 Nxf4 43. Nxc6 1-0

[Event "Santiago 2000+ op 1ER"]
[Site "Santiago de Chile"]
[Date "2016.10.29"]
[Round "1.2"]
[White "Pineda Polanco, Adolfo"]
[Black "Bahamondes Ortiz, Benjamin"]
[Result "1-0"]
[WhiteElo "2188"]
[BlackElo "2068"]
[PlyCount "105"]
[EventDate "2016.10.29"]
[EventType "swiss"]
[EventRounds "5"]
[EventCountry "CHI"]
[SourceTitle "EXT 2024"]
[Source "ChessBase"]
[SourceDate "2023.10.10"]
[SourceVersion "1"]
[SourceVersionDate "2023.10.10"]
[SourceQuality "1"]

1. e4 c5 2. Nf3 d6 3. d4 cxd4 4. Nxd4 Nf6 5. Nc3 a6 6. g3 e5 7. Nde2 Be7 8. Bg2 Nbd7 9. a4 0-0 10. h3 b6 11. g4 Bb7 12. Be3 Nc5 13. Ng3 g6 14. 0-0 Ne6 15. Qd2 Rc8 16. Rfd1 Qc7 17. Rac1 Rfd8 18. g5 Nd7 19. Nd5 Bxd5 20. exd5 Nec5 21. b4 Nxa4 22. c4 Qb8 23. Ne4 f5 24. gxf6 Nxf6 25. Ng5 a5 26. Ne6 axb4 27. Qxb4 Nc5 28. Nxd8 Rxd8 29. f4 Nfd7 30. Qe1 Bf6 31. Rb1 Qc7 32. Rb5 Ra8 33. Rdb1 Nd3 34. Qf1 Nxf4 35. c5 Nxc5 36. Bxf4 exf4 37. Rxb6 Bd4+ 38. Kh2 f3 39. Qxf3 Rf8 40. Qg4 Be5+ 41. Kh1 Kg7 42. Rc6 Qa7 43. Rc8 Qa2 44. Rxf8 Qxb1+ 45. Rf1 Qd3 46. Qc8 Kh6 47. Qf8+ Kg5 48. Qe7+ Kh6 49. Qh4+ Kg7 50. Qe7+ Kh6 51. Qf8+ Kg5 52. Rg1 Bg3 53. Bf3 1-0

[Event "Valparaiso op 1st"]
[Site "Valparaiso"]
[Date "2016.01.27"]
[Round "6"]
[White "Bahamondes Ortiz, Benjamin"]
[Black "Bruna Vasquez, Rodrigo Amaru"]
[Result "1/2-1/2"]
[WhiteElo "2088"]
[BlackElo "1458"]
[PlyCount "137"]
[EventDate "2016.01.26"]
[EventType "swiss"]
[EventRounds "6"]
[EventCountry "CHI"]
[SourceTitle "CBM 170 Extra"]
[Source "ChessBase"]
[SourceDate "2016.02.25"]
[SourceVersion "1"]
[SourceVersionDate "2016.02.25"]
[SourceQuality "1"]

1. d4 Nf6 2. c4 e6 3. Nf3 d5 4. g3 Be7 5. Bg2 0-0 6. 0-0 Nbd7 7. Qc2 Ne4 8. Nc3 Nxc3 9. Qxc3 Nf6 10. Ne5 h6 11. Rd1 Ne4 12. Qc2 f5 13. b3 Kh7 14. f3 Nd6 15. e4 c6 16. Bb2 Nf7 17. exf5 exf5 18. h4 Nxe5 19. dxe5 Qb6+ 20. Kh2 Be6 21. Bd4 c5 22. cxd5 cxd4 23. dxe6 Qxe6 24. Rxd4 Qxe5 25. Rad1 Rad8 26. Rxd8 Rxd8 27. Rxd8 Bxd8 28. f4 Qf6 29. Bxb7 Bb6 30. Bc8 g6 31. h5 Kg7 32. hxg6 Kxg6 33. Kh3 h5 34. Qc4 Qg7 35. Qe6+ Qf6 36. Qg8+ Kh6 37. Be6 Bd4 38. Qf7 Qxf7 39. Bxf7 Bf6 40. a4 a5 41. Be8 Be7 42. Kg2 h4 43. Bd7 Kg6 44. g4 fxg4 45. Bxg4 Kf7 46. Kf3 Kf6 47. Ke4 Bb4 48. Bh3 Be7 49. Kd5 Bb4 50. Kc4 Be7 51. Kb5 Bb4 52. Bc8 Bd2 53. Bb7 Bb4 54. Be4 Bd2 55. Kc4 Bb4 56. Kd3 Be1 57. Ke2 Bc3 58. Kf3 Bb4 59. Bb7 Be1 60. Kg4 Bb4 61. Kxh4 Bd2 62. Kg4 Bb4 63. Bc8 Bd2 64. Kf3 Bb4 65. Ke4 Bd2 66. Kd3 Bb4 67. Kc4 Bd2 68. f5 Bb4 69. Be6 1/2-1/2

[Event "Valparaiso op 1st"]
[Site "Valparaiso"]
[Date "2016.01.27"]
[Round "4"]
[White "Bahamondes Ortiz, Benjamin"]
[Black "Lemus Moreno, Alejandro"]
[Result "1-0"]
[WhiteElo "2088"]
[BlackElo "1635"]
[PlyCount "125"]
[EventDate "2016.01.26"]
[EventType "swiss"]
[EventRounds "6"]
[EventCountry "CHI"]
[SourceTitle "CBM 170 Extra"]
[Source "ChessBase"]
[SourceDate "2016.02.25"]
[SourceVersion "1"]
[SourceVersionDate "2016.02.25"]
[SourceQuality "1"]

1. d4 Nf6 2. Nf3 g6 3. c4 Bg7 4. Nc3 d5 5. cxd5 Nxd5 6. e4 Nxc3 7. bxc3 c5 8. Rb1 Qa5 9. Bd2 cxd4 10. cxd4 Qxa2 11. Bb5+ Bd7 12. Bxd7+ Nxd7 13. Rxb7 Qe6 14. 0-0 0-0 15. d5 Qd6 16. Bb4 Nc5 17. e5 Qa6 18. Rxe7 Nd3 19. Bd6 Rfe8 20. Qe2 Rxe7 21. Bxe7 Nc5 22. Qxa6 Nxa6 23. Rc1 Bf8 24. Bf6 Bg7 25. Bxg7 Kxg7 26. d6 Nb4 27. d7 Rd8 28. Rc7 a5 29. Ng5 Nd5 30. Ra7 Nf4 31. g3 Ne6 32. Ne4 a4 33. Nf6 h5 34. Rxa4 Kf8 35. Kg2 Ke7 36. Ra7 Nc5 37. Rc7 Nxd7 38. Rxd7+ Rxd7 39. Nxd7 Kxd7 40. Kf3 Ke6 41. Ke4 Ke7 42. Kd5 Kd7 43. f4 Ke7 44. h3 Kd7 45. g4 hxg4 46. hxg4 Ke7 47. f5 gxf5 48. gxf5 Ke8 49. Kd6 f6 50. e6 Kd8 51. Kd5 Ke7 52. Kc6 Ke8 53. Kd6 Kd8 54. Kc5 Ke7 55. Kd5 Ke8 56. Ke4 Kf8 57. Kf3 Kg7 58. Kg4 Kg8 59. Kh4 Kf8 60. Kh5 Kg7 61. e7 Kf7 62. e8Q+ Kxe8 63. Kg6 1-0

[Event "Valparaiso op 1st"]
[Site "Valparaiso"]
[Date "2016.01.26"]
[Round "2"]
[White "Bahamondes Ortiz, Benjamin"]
[Black "Morales Marti, Antonio"]
[Result "1-0"]
[WhiteElo "2088"]
[BlackElo "1126"]
[PlyCount "67"]
[EventDate "2016.01.26"]
[EventType "swiss"]
[EventRounds "6"]
[EventCountry "CHI"]
[SourceTitle "CBM 170 Extra"]
[Source "ChessBase"]
[SourceDate "2016.02.25"]
[SourceVersion "1"]
[SourceVersionDate "2016.02.25"]
[SourceQuality "1"]

1. d4 d5 2. c4 e6 3. Nf3 Nf6 4. g3 c6 5. Bg2 Nbd7 6. Qc2 Bb4+ 7. Bd2 Qa5 8. 0-0 Bxd2 9. Nbxd2 b5 10. c5 Bb7 11. e4 dxe4 12. Nxe4 Nxe4 13. Qxe4 Nf6 14. Qc2 0-0 15. Ne5 Rad8 16. Bxc6 Qc7 17. Bxb7 Qxb7 18. c6 Qc7 19. Rfd1 Nd5 20. Qc5 a6 21. a4 Rd6 22. axb5 Ra8 23. Rxa6 Rxa6 24. bxa6 Nb6 25. a7 Na8 26. Rc1 Rd8 27. Nd7 h6 28. b4 Kh7 29. b5 Rxd7 30. cxd7 Qxd7 31. b6 Qb7 32. Qc8 Qxb6 33. Qxa8 Qxd4 34. Qb7 1-0

[Event "Mendoza op"]
[Site "Mendoza"]
[Date "2014.11.23"]
[Round "5"]
[White "Bahamondes Ortiz, Benjamin"]
[Black "Duarte, Leonardo"]
[Result "0-1"]
[WhiteElo "2011"]
[BlackElo "2336"]
[PlyCount "111"]
[EventDate "2014.11.21"]
[EventType "swiss"]
[EventRounds "7"]
[EventCountry "ARG"]
[SourceTitle "CBM 163 Extra"]
[Source "ChessBase"]
[SourceDate "2014.12.23"]
[SourceVersion "1"]
[SourceVersionDate "2014.12.23"]
[SourceQuality "1"]

1. d4 Nf6 2. c4 g6 3. Nc3 Bg7 4. e4 d6 5. Be2 0-0 6. Bg5 c5 7. d5 b5 8. cxb5 a6 9. a4 Qa5 10. Qd2 axb5 11. Bxb5 h6 12. Be3 Ng4 13. Nf3 Ba6 14. Bxa6 Nxa6 15. 0-0 Nxe3 16. Qxe3 Rfb8 17. Rab1 Nc7 18. e5 Rb4 19. Rfd1 Rab8 20. Rd2 Rb3 21. Qe1 dxe5 22. Rc2 f6 23. Ne4 Qxe1+ 24. Nxe1 c4 25. Nd2 R3b4 26. Rxc4 Nxd5 27. b3 Rxc4 28. bxc4 Rxb1 29. Nxb1 Nb6 30. a5 Nxc4 31. a6 Kf7 32. Na3 Nb6 33. Nd3 Ke6 34. a7 e4 35. Nf4+ Kd7 36. Nxg6 f5 37. Nc4 Na8 38. g4 fxg4 39. Nge5+ Ke6 40. Nxg4 h5 41. Nge3 Bd4 42. Nd2 Ke5 43. Kg2 Bxa7 44. Kg3 Kd4 45. Kf4 Bb8+ 46. Kf5 Bxh2 47. Nef1 Bb8 48. Kg5 Kd3 49. Kxh5 Bf4 50. Nxe4 Kxe4 51. Kg4 Nc7 52. f3+ Ke5 53. Kh3 Nd5 54. Kg2 Ne3+ 55. Kf2 Nxf1 56. Kxf1 0-1